|
|
|
|
| LEADER |
01320nam a2200361 a 4500 |
| 001 |
000414438 |
| 003 |
CZ BrMZK |
| 005 |
20210513213931.0 |
| 007 |
ta |
| 008 |
990315s1999 xr g e 0 cze d |
| 015 |
|
|
|a cnb000692233
|
| 020 |
|
|
|a 80-7234-038-7
|
| 035 |
|
|
|a (OCoLC)42616808
|
| 040 |
|
|
|a BOA001
|b cze
|
| 045 |
|
|
|a x4x7
|
| 072 |
|
7 |
|a 629
|x Dopravní prostředky
|2 Konspekt
|9 19
|
| 080 |
|
|
|a 629.371.23
|2 MRF
|
| 080 |
|
|
|a 629(091)
|2 MRF
|
| 080 |
|
|
|a (031)
|2 MRF
|
| 100 |
1 |
|
|a La Rive Box, Rob de,
|d 1933-1998
|7 jn19992000989
|
| 245 |
1 |
0 |
|a Encyklopedie sportovních vozů :
|b sportovní vozy 1945-1975 /
|c Rob de la Rive Box ; [překlad].
|
| 260 |
|
|
|a Čestlice :
|b Rebo Productions,
|c 1999
|
| 300 |
|
|
|a 287 s. :
|b barev. il. ;
|c 24 cm
|
| 648 |
|
7 |
|a 1945-1975
|7 ch525277
|
| 648 |
|
7 |
|a 20. století
|7 ch460558
|
| 650 |
0 |
7 |
|a sportovní automobily
|y 20. století
|7 ph116249
|2 czenas
|
| 650 |
0 |
7 |
|a dějiny dopravních prostředků
|7 ph499542
|y 20. století
|2 czenas
|
| 655 |
|
7 |
|a encyklopedie
|7 fd132201
|2 czenas
|
| 910 |
|
|
|a BOA001
|b 2-1058.732
|b TK-0264.950
|
| 920 |
|
|
|a 000415585
|
| 990 |
|
|
|a BK
|
| 996 |
6 |
|
|b 2610092076
|c 2-1058.732
|l MZK
|r Sklad / do 1 hodiny
|n 1
|p p.v.
|w 000414438
|u 000010
|a 1
|e BOA001
|j MZK50
|s P
|
| 996 |
6 |
|
|b 2620014459
|c TK-0264.950
|l MZK
|r STM 6p
|n 0
|p kup
|h 629.33 RIV
|w 000414438
|u 000020
|a 0
|e BOA001
|j MZK50
|s P
|